Špunt a Zrzek dobrodružství dvou nerozlučných kamarádů a jejich přátel 1

Bibliographic Details
Other Authors: Hutten, Bill (Director), Love, Tony (Director), Bates, John (Scenarist)
Format: Video DVD
Language:Czech
English
PhysicalDescription:1 videodisk (DVD) (3 x 25 min.) zvuk., fareb. 12 cm
Published: [S.l.] Ringier 2009
Series:Nový Čas vás baví extra
Subjects:

MARC

LEADER 00000ngm a2200000 a 4500
001 vtls010336320
003 SK-MaSNL
005 20260301173456.0
007 vd cvaizu
008 120120p2009 xo 075 vacze
040 |a SNK  |b slo  |c SNK  |e AACR2 
041 1 |a cze  |a eng  |b cze  |b eng  |h eng 
044 |a xo  |c SK 
072 7 |a 791  |x Film. Cirkus. Ľudová zábava  |2 konspekt 
080 |a 791.228  |2 2001 
080 |a 791.43-252  |2 2001 
080 |a (0.034.44)  |2 2001 
130 0 |a Buttons & Rusty  |l Česky  |9 329567 
245 1 0 |a Špunt a Zrzek  |n 1  |h videozáznam  |b dobrodružství dvou nerozlučných kamarádů a jejich přátel  |c [réžia:] Bill Hutten, Tony Love 
260 |a [S.l.]  |b Ringier  |c 2009 
300 |a 1 videodisk (DVD) (3 x 25 min.)  |b zvuk., fareb.  |c 12 cm 
490 1 |a Nový Čas vás baví extra 
500 |a Názov z obalu 
500 |a Séria amerických animovaných filmov z roku 1997 
505 0 0 |t Medový dárek --  |t Vlak s vánočními stromky --  |t A co sa děje, mami? 
508 |a Námet, John Bates 
538 |a DVD video; Dolby digital 2.0; obraz 4:3 
546 |a V originálnom anglickom znení, dabing česky, titulky anglicky a česky 
650 0 7 |a animované filmy  |2 SNKPH  |9 3171 
650 0 7 |a kreslené filmy  |2 SNKPH  |9 107451 
650 0 7 |a filmové rozprávky  |2 SNKPH  |9 73150 
655 7 |a DVD  |2 SNKPH  |9 70751 
700 1 |a Hutten, Bill  |4 drt  |9 329568 
700 1 |a Love, Tony  |4 drt  |9 329569 
700 1 |a Bates, John  |4 sce  |9 329570 
830 0 |a Nový Čas vás baví extra  |9 326689 
999 |c 836747  |d 838677 
952 |a SNK  |b SNK  |y NEVYP  |7 1  |p 17A0835076  |o snkIDVD 76/1  |i snk2012/1605  |8 1  |0 0  |1 0  |4 0  |d 2012-01-20  |l 0  |r 2026-02-24 03:57:17  |w 2026-02-24